000 00870nam a2200193 i 4500
001 179997
003 ES-MaACL
005 20230906220950.0
008 120313s1898 sp |||| |0spa d
080 _a94(599)"1896/98"
245 0 0 _aA la Nación
_b: manifiesto-programa de la colonia filipina reformista residente en Madrid : 10 de febrero de 1898.
260 _a[S.l.] :
_b[s.n.],
_c1898 (
_eMadrid :
_fEstab. Tip. de Pedro Núñez)
300 _a32 p. ;
_c22 cm.
530 _aDisponible en formato digital.
651 4 _aFilipinas-
_xHistoria-
_y1896-1898, Insurrección.
_9155351
852 _aES-MaACL
_jT-726-F-6
852 _aES-MaACL
_jT-810-F-5
_z.- Enc. en un vol. facticio conservando la cub. original
856 _uhttp://bibliotecadigitalhispanica.bne.es:80/webclient/DeliveryManager?pid=1847668&custom_att_2=simple_viewer
_zBiblioteca Digital Hispánica
999 _c179997
_d179997